Statistics for F1 Winners: British Grand Prix

Click here to take the quiz!

General Stats

  • This quiz has been taken 926 times
    (178 since last reset)
  • The average score is 57 of 75

Answer Stats

SeasonTrackWinner% Correct
2008SilverstoneLewis Hamilton
99%
2021SilverstoneLewis Hamilton
99%
2020SilverstoneLewis Hamilton
99%
2019SilverstoneLewis Hamilton
99%
2017SilverstoneLewis Hamilton
99%
2016SilverstoneLewis Hamilton
99%
2015SilverstoneLewis Hamilton
99%
2014SilverstoneLewis Hamilton
99%
2023SilverstoneMax Verstappen
99%
1998SilverstoneMichael Schumacher
97%
2002SilverstoneMichael Schumacher
97%
2004SilverstoneMichael Schumacher
97%
2006SilverstoneFernando Alonso
95%
2011SilverstoneFernando Alonso
95%
2018SilverstoneSebastian Vettel
95%
2009SilverstoneSebastian Vettel
95%
1956SilverstoneJuan-Manuel Fangio
93%
2022SilverstoneCarlos Sainz Jr
92%
1988SilverstoneAyrton Senna
91%
2013SilverstoneNico Rosberg
91%
1994SilverstoneDamon Hill
89%
1990SilverstoneAlain Prost
88%
1985SilverstoneAlain Prost
88%
1983SilverstoneAlain Prost
88%
1993SilverstoneAlain Prost
88%
1989SilverstoneAlain Prost
88%
2010SilverstoneMark Webber
87%
2012SilverstoneMark Webber
87%
1982Brands HatchNiki Lauda
87%
1984Brands HatchNiki Lauda
87%
1976Brands HatchNiki Lauda
87%
2001SilverstoneMika Häkkinen
86%
2007SilverstoneKimi Räikkönen
85%
1991SilverstoneNigel Mansell
85%
1987SilverstoneNigel Mansell
85%
1992SilverstoneNigel Mansell
85%
1986Brands HatchNigel Mansell
85%
1952SilverstoneAlberto Ascari
83%
1953SilverstoneAlberto Ascari
83%
1977SilverstoneJames Hunt
83%
1950SilverstoneGiuseppe Farina
81%
1969SilverstoneJackie Stewart
81%
1971SilverstoneJackie Stewart
81%
1997SilverstoneJacques Villeneuve
80%
1996SilverstoneJacques Villeneuve
80%
2000SilverstoneDavid Coulthard
75%
1999SilverstoneDavid Coulthard
75%
1972Brands HatchEmerson Fittipaldi
75%
1975SilverstoneEmerson Fittipaldi
75%
1962AintreeJim Clark
73%
1967SilverstoneJim Clark
73%
1963SilverstoneJim Clark
73%
1964Brands HatchJim Clark
73%
1965SilverstoneJim Clark
73%
1980Brands HatchAlan Jones
72%
1960SilverstoneJack Brabham
68%
1959AintreeJack Brabham
68%
1966Brands HatchJack Brabham
68%
2005SilverstoneJuan Pablo Montoya
67%
2003SilverstoneRubens Barrichello
67%
1957AintreeStirling Moss
66%
1955AintreeStirling Moss
66%
1974Brands HatchJody Scheckter
60%
1970Brands HatchJochen Rindt
57%
1978Brands HatchCarlos Reutemann
49%
1995SilverstoneJohnny Herbert
40%
1979SilverstoneClay Regazzoni
36%
1954SilverstoneJosé Froilän González
33%
1951SilverstoneJosé Froilän González
33%
1981SilverstoneJohn Watson
31%
-AintreeTony Brooks
31%
1958SilverstonePeter Collins
30%
1973SilverstonePeter Revson
21%
1961AintreeWolfgang von Trips
18%
1968Brands HatchJo Siffert
17%

Score Distribution

Percentile by Number Answered

Percent of People with Each Score

Your Score History

You have not taken this quiz since the last reset